000 00430nam a2200145 i 4500
001 88341
003 ES-MaACL
007 t|
008 050104s1922 sp ||||1| spa d
100 1 _aLa Gueriniere, François de.
_969158
245 1 3 _aLe grand d'Espagne
_b: roman /
_cFrançois de La Gueriniere.
260 _aParis :
_b[s.n.,
_c1922] (
_eMayenne :
_fCharles Colin)
300 _a271 p. ;
_c19 cm.
852 _aES-MaACL
_jG-13001
999 _c88341
_d88341